000 00427nam a22001697a 4500
005 20160616103433.0
008 160616b xxu||||| |||| 00| 0 eng d
020 _a81-2590-898-6
041 _aeng
082 _b7907
100 _aKumar, S. Ramesh
_91395
245 _aApplication Exercises in Marketing
260 _aNew Delhi
_bVikas Publishing House (P) Ltd.
300 _a179
650 _aManagement
_9241
942 _cBK
999 _c2877
_d2876